Režim Solventnosti II: příležitost, nebo hrozba?
Modernizácia vynaložená poisťovňami na implementáciu režimu Solventnosť II. Hladina spoľahlivosti BBB-ratingu. Zmena prístupu CEIOPSu ku kalibrácii kapitálovej požiadavky. Technická špecifikácia QIS4 a návrhy konzultačných materiálov CEIOPSu. Tvorba interných modelov poisťovní.
Na minha lista:
| Autor principal: | |
|---|---|
| Formato: | Capítulo de Livro |
| Idioma: | tcheco |
| Assuntos: | |
| Tags: |
Sem tags, seja o primeiro a adicionar uma tag!
|
MARC
| LEADER | 00000naa$a2200000$$$4500 | ||
|---|---|---|---|
| 001 | 0112511 | ||
| 005 | 20231010082347.9 | ||
| 041 | 0 | |a cze | |
| 044 | |a CZ | ||
| 245 | 1 | 0 | |a Režim Solventnosti II: příležitost, nebo hrozba? |c Lucie Kvardová |
| 520 | |a Modernizácia vynaložená poisťovňami na implementáciu režimu Solventnosť II. Hladina spoľahlivosti BBB-ratingu. Zmena prístupu CEIOPSu ku kalibrácii kapitálovej požiadavky. Technická špecifikácia QIS4 a návrhy konzultačných materiálov CEIOPSu. Tvorba interných modelov poisťovní. | ||
| 610 | 2 | 0 | |a poisťovne |
| 610 | 2 | 0 | |a poisťovníctvo |
| 610 | 2 | 0 | |a trh poistný |
| 610 | 2 | 0 | |a rating |
| 610 | 2 | 0 | |a primeranosť kapitálová |
| 610 | 2 | 0 | |a zmluvy medzinárodné |
| 610 | 2 | 0 | |a Európska únia |
| 100 | 1 | |a Kvardová, Lucie | |